000 00639nam a2200241Ia 4500
003 OSt
005 20221007074144.0
006 a|||||r|||| 00| 0
007 ta
008 221006b |||||||| |||| 00| 0 eng d
024 _a22,043
037 _cTextual
040 _aFLL
_cFLL
_beng
041 _2eng
_aeng
082 _aZ2,985, J0;1
100 _aBhashyam K.
245 0 _aNegotiable instruments act (act xxvi of 1881)
250 _a9th
260 _aMadras
_bP. Varadachary & Co. India
_c1950
300 _acxxxviii,616p
_ccm.
942 _hZ2,985, J0;1
_cTEXL
_2CC
999 _c1151363
_d1151363